Culture générale (1) - Statistiques

Statistiques générales
  • Ce quiz a été pris 197 fois
  • Le résultat moyen est 8 sur 15
Statistiques - réponses
Questions Réponses % Correct
Quelle est la capitale du Canada ? Ottawa
90%
Dans quel pays se situe la ville de Saint-Jacques de Compostelle ? Espagne
86%
Comment appelle-t-on les habitants de Saint-Étienne ? Les Stéphanois
80%
Quelle est la quatrième décimale de pi ? 5 (3,1415)
74%
Quel président américain fut assassiné le 15 avril 1865 ? Abraham Lincoln
71%
Quel est le nouveau nom du Swaziland (depuis 2018) ? Eswatini
66%
Quelles études faut-il faire pour être psychiatre ? Médecine
65%
Qui fut le premier président de la République française ? Louis-Napoléon Bonaparte
58%
Quelle figure de style consiste à exagérer ou amplifier son propos ? L'hyperbole
47%
Qui a composé la "Sonate au clair de lune" ? Ludwig van Beethoven
45%
Qui est l'équivalent du dieu Hadès chez les Latins ? Pluton
32%
De quelle discipline l'Américain Bobby Fischer a-t-il été champion du monde ? Les échecs
29%
Quelle est la langue officielle des États-Unis ? Il n'y en a pas
25%
De quel mot (respectivement en latin et en grec ancien) sont issus les prénoms "Laurent" et "Daphné" ? Laurier
8%
À qui succède Valéry Giscard d'Estaing à l'Académie française ? Léopold Sédar Senghor
2%
Aucun quiz correspondant
Distribution des résultats
% des personnes avec chaque résultat
Percentile par nombre de réponses
Votre historique - résultats
Vous n’avez pas pris ce quiz